Buteurs Real Madrid LDC 2017/2018 - Statistiques

Statistiques générales
  • Ce quiz a été pris 272 fois
  • Le résultat moyen est 8 sur 11
Statistiques - réponses
Nombre de but Buteurs % Correct
15 Cristiano Ronaldo
100%
5 Karim Benzema
100%
3 Gareth Bale
97%
1 Luka Modric
97%
1 Sergio Ramos
95%
3 Marcelo
92%
1 Casemiro
86%
1 Marco Asensio
72%
1 Lucas Vazquez
45%
1 Nacho Fernandez
23%
1 Bojra Mayoral
9%
Aucun quiz correspondant
Distribution des résultats
% des personnes avec chaque résultat
Percentile par nombre de réponses
Votre historique - résultats
Vous n’avez pas pris ce quiz